1876 1493 1468 1121 1674 1510 1585 1565 1665 1393 1760 1356 1130 1189 1637 1257 1801 1212 1345 1068 1495 1376 1405 1584 1320 1435 1383 1797 1520 1359 1634 1668 1367 1704 1214 1733 1351 1788 1050 1826 1348 1451 1051 1245 1235 1727 1221 1303 1276 1301 1780 1198 1142 1886 1358 1563 1973 1437 1262 1595 1287 1366 1718 1097 1677 1484 1433 1587 1669 1769 1185 1732 1346 1182 1852 1105 1099 1648 1141 1811 1144 1275 1978 1152 1334 1672 1253 1677 1574 1207 1636 1565 1785 1552 1959 1745 1658 1680 1882 BCNSPRNW ULIB Ver.6.0+V

เปลี่ยนเป็นภาษาไทย

Change to English
 แสดงรายละเอียดบรรณานุกรม
  กลับหน้าหลัก

Brief Record : Get Marc (ISO 2709) : E-mail record : QR code < ปิดหน้าต่าง
LEADER : 00000nam 2200000uu 4500
001    13399121922
003     ULIB
008    121213s2549||||th 000 0 tha d
020    ^a9749716477
060 04 ^aWM460^bส271ช 2549
100 0  ^aสมภพ เรืองตระกูล
245 10 ^aชีวิตรักบุคคลสำคัญของโลก :^bภาพสะท้อนเชิงจิตวิทยา /^cสมภพเรืองตระกูล
250    ^aพิมพ์ครั้งที่ 1
260    ^aกรุงเทพฯ :^bภาควิชาจิตเวชศาสตร์ คณะแพทยศาสตร์ศิริราชพยาบาลมหาวิทยาลัยมหิดล,^c2549
300    ^a532 หน้า ;^c22 ซม.
440  0 ^aตำราจิตเวชสำหรับแพทย์เวชศาสตร์ครอบครัว ;^vชุดที่ 5
650  7 ^aจิตวิเคราะห์
650  7 ^aจิตวิทยา
653    ^aผลงานอาจารย์คณะแพทยศาสตร์ศิริราชพยาบาล
710 2  ^aมหาวิทยาลัยมหิดล. ^bคณะแพทยศาสตร์ศิริราชพยาบาล.^bภาควิชาจิตเวชศาสตร์
945    ^p199^l0^i14993
995    ^aทศพร
999    ^aทศพร เกษรทอง
รายการนี้ยังไม่มีแท็ก
คุณยังไม่ได้ล็อกอิน คุณสามารถมีกิจกรรมร่วมกับเว็บไซต์ได้ แต่ต้องล็อกอินก่อน ::
  ล็อกอิน

รายการสื่อสารสนเทศ

ลำดับที่ ประเภท เลขเรียก/บาร์โค้ด สถานที่ สถานะ
1. วิทยาศาสตร์การแพทย์ และสุขภาพ
วิทยาศาสตร์การแพทย์ และสุขภาพ
WM460 ส271ช 2549 ฉ.1 
  Barcode: 14993
ห้องสมุดวิทยาเขตสวรรค์ประชารักษ์
►หนังสือทั่วไป
บนชั้น

รายการใกล้เคียง
    ผู้แต่ง [สมภพ เรืองตระกูล]

    หัวเรื่อง [จิตวิเคราะห์]
    หัวเรื่อง [จิตวิทยา]

BibComment


ยังไม่เคยถูกคอมเมนท์

คอมเมนท์ทรัพยากรรายการนี้
  คอมเมนท์: ชีวิตรักบุคคลสำค..


 Copyright 2026. Bcnsprnw @Library